[Event "Edmonton op qual 11th"]
[Site "Edmonton"]
[Date "2016.05.01"]
[Round "5"]
[White "Haynes, Nicolas"]
[Black "Villavieja, Butch"]
[Result "1-0"]
[WhiteElo "2165"]
[BlackElo "2094"]
[PlyCount "145"]
[EventDate "2016.04.30"]
[EventType "swiss"]
[EventRounds "5"]
[EventCountry "CAN"]
[SourceTitle "EXT 2017"]
[Source "ChessBase"]
[SourceDate "2016.10.25"]
[SourceVersion "1"]
[SourceVersionDate "2016.10.25"]
[SourceQuality "1"]

1. d4 Nf6 2. c4 g6 3. Nf3 Bg7 4. g3 0-0 5. Bg2 d6 6. 0-0 Nc6 7. Nc3 a6 8. Bf4 Rb8 9. Rc1 Bf5 10. d5 Na5 11. b3 Ne4 12. Nxe4 Bxe4 13. b4 Bb2 14. bxa5 Bxc1 15. Bxc1 c5 16. dxc6 Bxc6 17. Bh6 Re8 18. Qd2 b5 19. Qc3 e5 20. Nxe5 Rxe5 21. Bxc6 bxc4 22. Bf4 Rc5 23. Qf3 Qf6 24. Rd1 Rd8 25. Be3 Rf5 26. Qg4 d5 27. Bb6 Rd6 28. Bd4 h5 29. Qh3 Qe6 30. Ba4 Qxe2 31. Rb1 Rd8 32. Qf1 Qxa2 33. Qd1 c3 34. Bc2 Rc8 35. Bxf5 gxf5 36. Bxc3 d4 37. Be1 Rd8 38. Qd3 Qe6 39. Bd2 h4 40. Re1 Qg6 41. Qf3 h3 42. Qf4 Kg7 43. Qg5 Qxg5 44. Bxg5 Rd5 45. Bd2 Rc5 46. Kf1 Rb5 47. Ke2 Rb3 48. Rc1 f6 49. Rc4 Rb1 50. Bc1 Kg6 51. Kd3 Ra1 52. Rc5 Ra2 53. Bd2 Ra1 54. Rc1 Ra4 55. Rg1 Kh5 56. f3 Ra2 57. g4+ fxg4 58. fxg4+ Kg6 59. g5 fxg5 60. Rxg5+ Kf6 61. Rh5 Kg6 62. Rh4 Ra1 63. Ke2 Ra4 64. Rxh3 Kf5 65. Rh6 Ra3 66. Rh4 Ke5 67. Rg4 Rh3 68. Rg2 Ke4 69. Be1 Re3+ 70. Kd2 Ra3 71. Bf2 Ra2+ 72. Ke1 Ra1+ 73. Ke2 1-0

[Event "Edmonton op qual 11th"]
[Site "Edmonton"]
[Date "2016.04.30"]
[Round "2"]
[White "Briones, Dante"]
[Black "Haynes, Nicolas"]
[Result "0-1"]
[WhiteElo "1968"]
[BlackElo "2165"]
[PlyCount "48"]
[EventDate "2016.04.30"]
[EventType "swiss"]
[EventRounds "5"]
[EventCountry "CAN"]
[SourceTitle "EXT 2017"]
[Source "ChessBase"]
[SourceDate "2016.10.25"]
[SourceVersion "1"]
[SourceVersionDate "2016.10.25"]
[SourceQuality "1"]

1. e4 e5 2. f4 d5 3. exd5 exf4 4. Nf3 Nf6 5. Bc4 Nxd5 6. Bb3 Nc6 7. Nc3 Nxc3 8. bxc3 Bd6 9. d4 Qe7+ 10. Kf2 0-0 11. c4 Bg4 12. c3 Rad8 13. Bd2 b6 14. Bc2 Qf6 15. Qb1 Bxf3 16. Kxf3 Qh4 17. Qb5 Na5 18. Rae1 c6 19. Qa4 Rfe8 20. Be4 g5 21. Bf5 h5 22. g3 g4+ 23. Kg2 Qh3+ 24. Kg1 f3 0-1

[Event "Edmonton op qual 11th"]
[Site "Edmonton"]
[Date "2016.04.30"]
[Round "1"]
[White "Haynes, Nicolas"]
[Black "McLeod, Logan"]
[Result "1-0"]
[WhiteElo "2165"]
[BlackElo "1834"]
[PlyCount "37"]
[EventDate "2016.04.30"]
[EventType "swiss"]
[EventRounds "5"]
[EventCountry "CAN"]
[SourceTitle "EXT 2017"]
[Source "ChessBase"]
[SourceDate "2016.10.25"]
[SourceVersion "1"]
[SourceVersionDate "2016.10.25"]
[SourceQuality "1"]

1. b3 e6 2. Bb2 f5 3. e4 fxe4 4. Qh5+ Ke7 5. Nc3 Qe8 6. Qh4+ Nf6 7. Nxe4 Qg6 8. Bd3 Qf7 9. Nf3 d6 10. Nfg5 Qg8 11. Nxf6 gxf6 12. Nxh7 Bg7 13. Bxf6+ Kd7 14. 0-0 b6 15. Qg5 Rxh7 16. Bxh7 Qxh7 17. Qxg7+ Qxg7 18. Bxg7 Bb7 19. h4 1-0

[Event "Reykjavik op"]
[Site "Reykjavik"]
[Date "2016.03.09"]
[Round "3"]
[White "Acevedo Mendez, Lisseth"]
[Black "Haynes, Nicolas"]
[Result "0-1"]
[WhiteElo "1886"]
[BlackElo "2182"]
[PlyCount "64"]
[EventDate "2016.03.08"]
[EventType "swiss"]
[EventRounds "10"]
[EventCountry "ISL"]
[SourceTitle "CBM 171 Extra"]
[Source "ChessBase"]
[SourceDate "2016.04.26"]
[SourceVersion "1"]
[SourceVersionDate "2016.04.26"]
[SourceQuality "1"]

1. e4 c5 2. Nf3 Nc6 3. Bb5 g6 4. 0-0 Bg7 5. Re1 Nf6 6. c3 0-0 7. d4 cxd4 8. cxd4 d5 9. e5 Ne4 10. Be3 Qb6 11. Qb3 Rd8 12. Rc1 Na5 13. Qa4 a6 14. Bd3 Nc6 15. Qa3 Qb4 16. Qxb4 Nxb4 17. Bxe4 dxe4 18. Ng5 Nc6 19. Rxc6 bxc6 20. Nxe4 c5 21. Nxc5 Bxe5 22. Nc3 Bxd4 23. Rd1 e5 24. Bxd4 exd4 25. Ne2 d3 26. Rxd3 Rxd3 27. Nxd3 Be6 28. Nc3 Rd8 29. Nb4 Rd6 30. Kf1 a5 31. Ne4 Bc4+ 32. Ke1 Re6 0-1

[Event "Reykjavik op"]
[Site "Reykjavik"]
[Date "2016.03.08"]
[Round "1"]
[White "Ontiveros, John"]
[Black "Haynes, Nicolas"]
[Result "0-1"]
[WhiteElo "1729"]
[BlackElo "2182"]
[PlyCount "94"]
[EventDate "2016.03.08"]
[EventType "swiss"]
[EventRounds "10"]
[EventCountry "ISL"]
[SourceTitle "CBM 171 Extra"]
[Source "ChessBase"]
[SourceDate "2016.04.26"]
[SourceVersion "1"]
[SourceVersionDate "2016.04.26"]
[SourceQuality "1"]

1. d4 Nf6 2. c4 e6 3. Nf3 Bb4+ 4. Bd2 a5 5. Bxb4 axb4 6. a3 0-0 7. Qb3 Nc6 8. e3 d6 9. Bd3 e5 10. dxe5 dxe5 11. Nbd2 Nd7 12. Qc2 g6 13. h4 Nc5 14. Be2 Bf5 15. e4 Bg4 16. 0-0 bxa3 17. Rxa3 Rxa3 18. bxa3 Ne6 19. Nb3 Bxf3 20. Bxf3 Qxh4 21. Rd1 Ra8 22. g3 Qf6 23. Bg2 Rxa3 24. Qb2 Ra8 25. Rd5 b6 26. Nd2 Qe7 27. Nf3 Ned4 28. Nxe5 Nxe5 29. Qxd4 Re8 30. f4 Nc6 31. Qd2 Nd8 32. Kh2 Ne6 33. Bh3 Nc5 34. Re5 Qf8 35. Rxe8 Qxe8 36. e5 h5 37. Qd5 Qe7 38. Qa8+ Kg7 39. Qd5 h4 40. f5 hxg3+ 41. Kxg3 Qg5+ 42. Kf3 gxf5 43. e6 Nxe6 44. Bxf5 Qxf5+ 45. Qxf5 Nd4+ 46. Ke4 Nxf5 47. Kxf5 Kf8 0-1

[Event "Northern Alberta op"]
[Site "Edmonton"]
[Date "2016.02.28"]
[Round "5"]
[White "Villavieja, Butch"]
[Black "Haynes, Nicolas"]
[Result "0-1"]
[WhiteElo "2113"]
[BlackElo "2182"]
[PlyCount "76"]
[EventDate "2016.02.27"]
[EventType "swiss"]
[EventRounds "5"]
[EventCountry "CAN"]
[SourceTitle "EXT 2017"]
[Source "ChessBase"]
[SourceDate "2016.10.25"]
[SourceVersion "1"]
[SourceVersionDate "2016.10.25"]
[SourceQuality "1"]

1. e4 e5 2. Nf3 Nc6 3. Bc4 Nf6 4. d3 Bc5 5. c3 d6 6. 0-0 0-0 7. h3 h6 8. Nbd2 a6 9. Bb3 Ba7 10. Re1 Ne7 11. Nf1 Ng6 12. Ng3 Re8 13. Qe2 Nh7 14. Nh5 Nf6 15. Nh2 Be6 16. Bc2 Nxh5 17. Qxh5 Qf6 18. Be3 Nf4 19. Qf3 g5 20. Kh1 Qg6 21. g4 Kg7 22. d4 Bd7 23. Rac1 Rh8 24. Bxf4 gxf4 25. Rg1 Qf6 26. d5 Qh4 27. Rg2 Kf8 28. Nf1 h5 29. Rh2 Ke7 30. Qe2 hxg4 31. hxg4 Qxg4 32. Bd1 Rxh2+ 33. Nxh2 Qxe2 34. Bxe2 Bxf2 35. Kg2 Be3 36. Rh1 Rg8+ 37. Kf1 Bh3+ 38. Ke1 Bg2 0-1

[Event "Edmonton"]
[Site "Edmonton"]
[Date "2015.11.08"]
[Round "4"]
[White "Haynes, Nicolas"]
[Black "Bakre, Tejas"]
[Result "1/2-1/2"]
[WhiteElo "2177"]
[BlackElo "2438"]
[PlyCount "73"]
[EventDate "2015.11.06"]
[EventType "tourn"]
[EventRounds "9"]
[EventCountry "CAN"]
[EventCategory "2"]
[SourceTitle "CBM 169 Extra"]
[Source "ChessBase"]
[SourceDate "2015.12.18"]
[SourceVersion "1"]
[SourceVersionDate "2015.12.18"]
[SourceQuality "1"]

1. c4 c5 2. Nf3 Nc6 3. Nc3 Nf6 4. g3 g6 5. Bg2 Bg7 6. 0-0 0-0 7. d4 cxd4 8. Nxd4 Nxd4 9. Qxd4 d6 10. Bg5 Be6 11. Qd2 Bxc4 12. Bxb7 Rb8 13. Bg2 Ng4 14. b3 Be6 15. h3 h6 16. Bxe7 Qxe7 17. hxg4 Bxg4 18. Rfe1 Qg5 19. Qxg5 hxg5 20. Rac1 Rfc8 21. Ne4 Rxc1 22. Rxc1 Bxe2 23. Nxd6 Rd8 24. Rc8 Rxc8 25. Nxc8 Bd4 26. Ne7+ Kg7 27. Nc6 Bb6 28. Bd5 f5 29. a4 a5 30. Kg2 g4 31. f3 gxf3+ 32. Bxf3 Bd3 33. b4 axb4 34. Nxb4 Bc4 35. Bd5 Be2 36. Bf3 Bc4 37. Bd5 1/2-1/2

[Event "Alberta op"]
[Site "Edmonton"]
[Date "2015.10.11"]
[Round "3"]
[White "Haynes, Nicolas"]
[Black "Valencia, Belsar"]
[Result "1/2-1/2"]
[WhiteElo "2186"]
[BlackElo "2232"]
[PlyCount "95"]
[EventDate "2015.10.10"]
[EventType "swiss"]
[EventRounds "6"]
[EventCountry "CAN"]
[SourceTitle "EXT 2017"]
[Source "ChessBase"]
[SourceDate "2016.10.25"]
[SourceVersion "1"]
[SourceVersionDate "2016.10.25"]
[SourceQuality "1"]

1. e4 c5 2. Nf3 e6 3. g3 Nc6 4. Bg2 d5 5. exd5 exd5 6. d4 Bd6 7. 0-0 Nge7 8. h3 0-0 9. Nc3 a6 10. Re1 Bf5 11. Bg5 f6 12. Be3 c4 13. Nh4 Be6 14. Bf4 Bf7 15. Bxd6 Qxd6 16. Na4 g5 17. Nf3 Rae8 18. c3 Ng6 19. Qd2 Nb8 20. b4 b6 21. Nh2 Rxe1+ 22. Rxe1 Re8 23. Ng4 Rxe1+ 24. Qxe1 Kg7 25. Ne3 Ne7 26. Qe2 Nd7 27. Bf3 f5 28. Bg2 Nf6 29. g4 Be8 30. Nb2 Bd7 31. gxf5 Nxf5 32. Nxf5+ Bxf5 33. Nd1 Kf7 34. Ne3 Bd3 35. Qd1 h5 36. a4 Qe6 37. Qf3 Be4 38. Qg3 Bxg2 39. Qxg2 Kg6 40. Qf3 b5 41. axb5 axb5 42. h4 gxh4 43. Qg2+ Kh6 44. Qf3 h3 45. Qf4+ Kg6 46. Qg3+ Ng4 47. Qxh3 Qe4 48. Qg3 1/2-1/2

[Event "Alberta op"]
[Site "Edmonton"]
[Date "2015.10.11"]
[Round "4"]
[White "Villavieja, Butch"]
[Black "Haynes, Nicolas"]
[Result "1-0"]
[WhiteElo "2155"]
[BlackElo "2186"]
[PlyCount "35"]
[EventDate "2015.10.10"]
[EventType "swiss"]
[EventRounds "6"]
[EventCountry "CAN"]
[SourceTitle "EXT 2017"]
[Source "ChessBase"]
[SourceDate "2016.10.25"]
[SourceVersion "1"]
[SourceVersionDate "2016.10.25"]
[SourceQuality "1"]

1. e4 c6 2. d4 d5 3. e5 Bf5 4. Nf3 e6 5. Be2 Nd7 6. 0-0 Bg6 7. Nbd2 Nh6 8. Nb3 Nf5 9. Bd2 a6 10. c4 dxc4 11. Bxc4 Be7 12. Bd3 Nxd4 13. Nfxd4 Bxd3 14. Ba5 b6 15. Qxd3 bxa5 16. Nxc6 Qb6 17. Nbxa5 Bb4 18. Rad1 1-0

[Event "Edmonton op 10th"]
[Site "Edmonton"]
[Date "2015.06.26"]
[Round "1"]
[White "Hughey, Leah"]
[Black "Haynes, Nicolas"]
[Result "0-1"]
[WhiteElo "1671"]
[BlackElo "2184"]
[PlyCount "122"]
[EventDate "2015.06.26"]
[EventType "swiss"]
[EventRounds "5"]
[EventCountry "CAN"]
[SourceTitle "EXT 2017"]
[Source "ChessBase"]
[SourceDate "2016.10.25"]
[SourceVersion "1"]
[SourceVersionDate "2016.10.25"]
[SourceQuality "1"]

1. c4 e5 2. Nc3 Nf6 3. Nf3 Nc6 4. g3 Bb4 5. Bg2 Bxc3 6. bxc3 0-0 7. d4 d6 8. Ba3 Re8 9. 0-0 e4 10. Nd2 e3 11. Nb3 exf2+ 12. Rxf2 Ng4 13. Rf4 Ne3 14. Qd3 Qg5 15. Be4 f5 16. Qxe3 Kh8 17. Qd3 fxe4 18. Qxe4 Be6 19. Bc1 Bg8 20. Qf3 Qe7 21. e4 Bxc4 22. Ba3 Rf8 23. e5 Rxf4 24. gxf4 Qf7 25. exd6 Bd5 26. Qg3 cxd6 27. Bxd6 Re8 28. Be5 Nxe5 29. dxe5 Qf5 30. Nd4 Qe4 31. Re1 Qg6 32. Qxg6 hxg6 33. a3 Kg8 34. Kf2 a6 35. Kg3 Kf7 36. Kg4 Rh8 37. h4 Rc8 38. Rc1 Rc4 39. Kg5 Be4 40. Kg4 Ra4 41. e6+ Ke7 42. Re1 Bd3 43. Re3 Bb1 44. h5 gxh5+ 45. Kxh5 g6+ 46. Kg5 Rxa3 47. Rh3 Ra5+ 48. Kh6 Kf6 49. Rh4 Rc5 50. Rh3 Rc8 51. Kh7 g5+ 52. f5 Bxf5+ 53. Nxf5 Kxf5 54. Re3 Kf6 55. e7 Re8 56. Rf3+ Ke6 57. Kh6 Rxe7 58. Kxg5 Rg7+ 59. Kh4 Kd5 60. Rf4 Rc7 61. Rb4 Rc4+ 0-1

[Event "Edmonton op qual 10th"]
[Site "Edmonton"]
[Date "2015.05.03"]
[Round "5"]
[White "Gardner, Robert"]
[Black "Haynes, Nicolas"]
[Result "1-0"]
[WhiteElo "2110"]
[BlackElo "2163"]
[PlyCount "65"]
[EventDate "2015.05.02"]
[EventType "swiss"]
[EventRounds "5"]
[EventCountry "CAN"]
[SourceTitle "EXT 2017"]
[Source "ChessBase"]
[SourceDate "2016.10.25"]
[SourceVersion "1"]
[SourceVersionDate "2016.10.25"]
[SourceQuality "1"]

1. d4 Nf6 2. c4 d6 3. Nc3 e5 4. d5 Be7 5. e4 c6 6. Nge2 a6 7. f3 0-0 8. g4 b5 9. Ng3 Bb7 10. Nf5 bxc4 11. Bxc4 cxd5 12. Nxd5 Nxd5 13. Bxd5 Bxd5 14. Qxd5 Nd7 15. Be3 Rb8 16. 0-0-0 Bg5 17. Bxg5 Qxg5+ 18. Qd2 Qxd2+ 19. Rxd2 g6 20. Nxd6 Nc5 21. Rd5 Na4 22. b3 Nc3 23. Ra5 Nb5 24. Rxa6 Nd4 25. Rf1 Rfd8 26. Kb2 Rd7 27. Nc4 Rc7 28. Kc3 Nb5+ 29. Kd3 Rd8+ 30. Ke3 Nd4 31. Rf2 Nc6 32. Rd2 Nd4 33. g5 1-0

[Event "Edmonton op qual 10th"]
[Site "Edmonton"]
[Date "2015.05.02"]
[Round "2"]
[White "Cheng, Louis"]
[Black "Haynes, Nicolas"]
[Result "0-1"]
[WhiteElo "1995"]
[BlackElo "2163"]
[PlyCount "114"]
[EventDate "2015.05.02"]
[EventType "swiss"]
[EventRounds "5"]
[EventCountry "CAN"]
[SourceTitle "EXT 2017"]
[Source "ChessBase"]
[SourceDate "2016.10.25"]
[SourceVersion "1"]
[SourceVersionDate "2016.10.25"]
[SourceQuality "1"]

1. e4 e5 2. Nf3 Nc6 3. Nc3 Nf6 4. Bc4 Bc5 5. 0-0 d6 6. h3 0-0 7. d3 h6 8. Na4 Bb6 9. Bd2 Nh7 10. b4 Kh8 11. b5 Ne7 12. Qe2 Ng6 13. Nxb6 axb6 14. d4 Qf6 15. dxe5 dxe5 16. Bc3 Bxh3 17. gxh3 Nf4 18. Qe3 Qg6+ 19. Ng5 Nxg5 20. Kh2 Qh5 21. Bxe5 Nf3+ 22. Kg3 Nxe5 23. Qxf4 Nxc4 24. Rfd1 Ra3+ 25. Rd3 Qg5+ 26. Qxg5 hxg5 27. h4 gxh4+ 28. Kxh4 Rxd3 29. cxd3 Ne5 30. Rc1 c5 31. d4 Nf3+ 32. Kg4 Nxd4 33. a4 Kg8 34. f4 f5+ 35. exf5 Rxf5 36. Rd1 g6 37. Re1 Kf7 38. Rh1 Ke7 39. Rh6 Ne6 40. Rxg6 Rxf4+ 41. Kh5 Rxa4 42. Rh6 Rf4 43. Rg6 c4 44. Rg3 Kd6 45. Re3 Kd5 46. Kg6 Nc5 47. Kg5 Rf8 48. Kg4 Kd4 49. Rh3 c3 50. Rh2 Kc4 51. Rh6 c2 52. Rh1 Nd3 53. Kg3 c1Q 54. Rh4+ Rf4 55. Rh2 Qe1+ 56. Kh3 Rh4+ 57. Kg2 Qf2+ 0-1

[Event "WBX-Tch"]
[Site "Edmonton"]
[Date "2014.12.13"]
[Round "1.1"]
[White "Haynes, Nicolas"]
[Black "Nguyen, Kim"]
[Result "0-1"]
[WhiteElo "2166"]
[BlackElo "2060"]
[PlyCount "80"]
[EventDate "2014.12.13"]
[EventType "swiss"]
[EventRounds "5"]
[EventCountry "CAN"]
[SourceTitle "EXT 2022"]
[Source "ChessBase"]
[SourceDate "2021.10.06"]
[SourceVersion "1"]
[SourceVersionDate "2021.10.06"]
[SourceQuality "1"]

1. d4 Nf6 2. c4 e6 3. g3 d5 4. Bg2 Bb4+ 5. Bd2 Be7 6. Nf3 0-0 7. 0-0 c6 8. Qc2 b6 9. Ne5 Nfd7 10. cxd5 Nxe5 11. dxc6 Nexc6 12. Bxc6 Nxc6 13. Qxc6 Ba6 14. Qe4 Qd7 15. Re1 f5 16. Qe3 Bb7 17. Bc3 b5 18. b3 f4 19. Qd3 Rab8 20. Nd2 Qd5 21. Nf3 Qh5 22. g4 Qxg4+ 23. Kh1 Bd5 24. Rg1 Qh3 25. Rg2 Rf5 26. Rag1 Bf6 27. Bb4 g6 28. Qc3 Re8 29. Qc7 g5 30. Qd7 Qh5 31. Bd6 Qf7 32. Qxf7+ Kxf7 33. Be5 Bd8 34. h4 h6 35. Kh2 Rg8 36. Kh3 Be4 37. hxg5 hxg5 38. Kg4 Kg6 39. Rh1 Rff8 40. Nh4+ gxh4 0-1

[Event "WBX-Tch"]
[Site "Edmonton"]
[Date "2014.12.13"]
[Round "3.3"]
[White "Pechenkin, Vladimir"]
[Black "Haynes, Nicolas"]
[Result "1/2-1/2"]
[WhiteElo "2302"]
[BlackElo "2166"]
[PlyCount "62"]
[EventDate "2014.12.13"]
[EventType "swiss"]
[EventRounds "5"]
[EventCountry "CAN"]
[SourceTitle "EXT 2022"]
[Source "ChessBase"]
[SourceDate "2021.10.06"]
[SourceVersion "1"]
[SourceVersionDate "2021.10.06"]
[SourceQuality "1"]

1. c4 Nf6 2. g3 e6 3. Bg2 d5 4. Nf3 Be7 5. 0-0 0-0 6. d4 dxc4 7. Qc2 a6 8. Qxc4 b5 9. Qc2 Bb7 10. Bd2 Nbd7 11. Ba5 Nb6 12. Nbd2 Rc8 13. b4 Nfd7 14. e3 g6 15. Rac1 Bd6 16. a3 Qe7 17. Rfd1 Rfe8 18. h4 Ba8 19. e4 e5 20. dxe5 Bxe5 21. Nxe5 Qxe5 22. Bh3 f5 23. Qb3+ Kg7 24. Qc3 Na4 25. Qxe5+ Nxe5 26. exf5 Nb2 27. f6+ Kxf6 28. Bxc8 Rxc8 29. f4 Ned3 30. Rf1 Nxc1 31. Rxc1 Bd5 1/2-1/2

[Event "Red Deer Battle of Alberta"]
[Site "Red Deer"]
[Date "2014.09.13"]
[Round "2.5"]
[White "Booker, Brad"]
[Black "Haynes, Nicolas"]
[Result "0-1"]
[WhiteElo "2232"]
[BlackElo "2285"]
[PlyCount "62"]
[EventDate "2014.09.13"]
[EventType "team-match"]
[EventRounds "2"]
[EventCountry "CAN"]
[SourceTitle "EXT 2022"]
[Source "ChessBase"]
[SourceDate "2021.10.06"]
[SourceVersion "1"]
[SourceVersionDate "2021.10.06"]
[SourceQuality "1"]
[WhiteTeam "South"]
[BlackTeam "North"]
[WhiteTeamCountry "CAN"]
[BlackTeamCountry "CAN"]

1. e4 e5 2. Nf3 Nc6 3. Bb5 a6 4. Ba4 Nf6 5. 0-0 Be7 6. Re1 b5 7. Bb3 d6 8. c3 0-0 9. d3 Na5 10. Bc2 c5 11. Nbd2 Qc7 12. Nf1 Re8 13. Ng3 h6 14. Nh4 Bf8 15. Nhf5 d5 16. Qf3 Qc6 17. exd5 Nxd5 18. Bd2 Bb7 19. Ne4 Qg6 20. Rac1 Rad8 21. a3 Nf4 22. Nh4 Bxe4 23. Rxe4 Qg5 24. Bxf4 exf4 25. Qxf4 Rxe4 26. Qxg5 hxg5 27. dxe4 gxh4 28. b3 c4 29. b4 Nb3 30. Rd1 Rxd1+ 31. Bxd1 Bd6 0-1

[Event "Edmonton Fall Sectional A"]
[Site "Edmonton"]
[Date "2011.10.30"]
[Round "4"]
[White "Haynes, Nicolas"]
[Black "Porper, Edward"]
[Result "0-1"]
[WhiteElo "2339"]
[BlackElo "2521"]
[PlyCount "90"]
[EventDate "2011.10.28"]
[EventType "tourn"]
[EventRounds "5"]
[EventCountry "CAN"]
[SourceTitle "EXT 2022"]
[Source "ChessBase"]
[SourceDate "2021.10.06"]
[SourceVersion "1"]
[SourceVersionDate "2021.10.06"]
[SourceQuality "1"]

1. Nf3 d5 2. g3 c6 3. Bg2 Bg4 4. 0-0 Nd7 5. d3 e5 6. Nbd2 Ngf6 7. h3 Bh5 8. e4 dxe4 9. dxe4 Bc5 10. Qe2 0-0 11. c3 a5 12. a4 Qc7 13. g4 Bg6 14. Nh4 Rfd8 15. Nf5 Ne8 16. h4 f6 17. b4 axb4 18. cxb4 Bf8 19. Bb2 Bf7 20. Bc3 g6 21. Ne3 Ng7 22. Rfd1 Ne6 23. Nf3 Nf4 24. Qb2 Nb6 25. Rxd8 Qxd8 26. a5 Nc4 27. Nxc4 Bxc4 28. Qc2 Qd3 29. Qxd3 Bxd3 30. Bf1 Bxe4 31. Nd2 Bd5 32. g5 fxg5 33. hxg5 Ne6 34. Nc4 Nxg5 35. Nxe5 Bg7 36. Bg2 Bxg2 37. Kxg2 Ne4 38. Bb2 Rf8 39. f3 Rd8 40. fxe4 Rd2+ 41. Kf3 Rxb2 42. Nd3 Rxb4 43. Nxb4 Bxa1 44. Ke3 Bc3 45. Nxc6 bxc6 0-1

[Event "Calgary"]
[Site "Calgary"]
[Date "2011.04.23"]
[Round "3"]
[White "Haessel, Dale R"]
[Black "Haynes, Nicolas"]
[Result "0-1"]
[WhiteElo "2209"]
[BlackElo "2165"]
[PlyCount "107"]
[EventDate "2011.04.22"]
[EventType "tourn"]
[EventRounds "5"]
[EventCountry "CAN"]
[SourceTitle "CBM 142 Extra"]
[Source "ChessBase"]
[SourceDate "2011.06.27"]
[SourceVersion "1"]
[SourceVersionDate "2011.06.27"]
[SourceQuality "1"]

1. d4 Nf6 2. c4 Nc6 3. Nf3 e6 4. Nc3 Bb4 5. Qc2 0-0 6. e4 d6 7. Bd3 e5 8. d5 Ne7 9. a3 Bxc3+ 10. Qxc3 a5 11. 0-0 Ng6 12. g3 Bh3 13. Re1 h6 14. Bd2 a4 15. c5 Nd7 16. Be3 b6 17. cxb6 cxb6 18. Nd2 Nc5 19. Bc2 Qf6 20. Bxc5 bxc5 21. f4 Rfb8 22. f5 Nf8 23. Nc4 Nh7 24. Bd1 Ng5 25. g4 g6 26. Re3 gxf5 27. exf5 h5 28. Rxh3 Nxh3+ 29. Qxh3 hxg4 30. Qxg4+ Kf8 31. Bf3 Ke7 32. Bg2 Rg8 33. Qe4 Rab8 34. Rf1 Rh8 35. Qc2 Qh4 36. f6+ Kd8 37. Be4 Rh6 38. Qg2 Rxf6 39. Rxf6 Qxf6 40. Bc2 Qf4 41. Qe4 Qc1+ 42. Kf2 Qh6 43. h4 Rb7 44. Qg4 Qf6+ 45. Ke2 Rb8 46. Qe4 Ke7 47. Bxa4 Qg7 48. Bc2 Qg1 49. b3 Rg8 50. Ne3 Qh2+ 51. Kd3 Rg3 52. Kc4 Qe2+ 53. Qd3 Rxe3 54. Qxe2 0-1

[Event "Calgary"]
[Site "Calgary"]
[Date "2011.04.23"]
[Round "2"]
[White "Haynes, Nicolas"]
[Black "Porper, Edward"]
[Result "0-1"]
[WhiteElo "2165"]
[BlackElo "2437"]
[PlyCount "94"]
[EventDate "2011.04.22"]
[EventType "tourn"]
[EventRounds "5"]
[EventCountry "CAN"]
[SourceTitle "CBM 142 Extra"]
[Source "ChessBase"]
[SourceDate "2011.06.27"]
[SourceVersion "1"]
[SourceVersionDate "2011.06.27"]
[SourceQuality "1"]

1. c4 c6 2. d4 d5 3. Nf3 Nf6 4. Qd3 dxc4 5. Qxc4 Bf5 6. g3 e6 7. Bg2 Be7 8. 0-0 0-0 9. Nbd2 Nbd7 10. e3 Ne4 11. Ne1 Ndf6 12. f3 Nxd2 13. Bxd2 e5 14. g4 Be6 15. Qd3 exd4 16. exd4 c5 17. g5 Ne8 18. f4 Qxd4+ 19. Qxd4 cxd4 20. b3 Nd6 21. Bb4 Nf5 22. Bxe7 Nxe7 23. Rd1 Rad8 24. Bxb7 Rd7 25. Be4 Bf5 26. Bf3 Ng6 27. Bh5 Re8 28. Bxg6 hxg6 29. Nf3 Re4 30. Ne5 Rd6 31. Rd2 f6 32. Nc4 Rd7 33. gxf6 gxf6 34. Nb2 Kf7 35. Nd3 Re3 36. Nc5 Rd5 37. b4 d3 38. Rfd1 Rd4 39. Kf2 Rh3 40. Kg2 Ke7 41. Re1+ Kf7 42. Ne4 Rh8 43. Ng3 Be6 44. Rc1 Bd5+ 45. Kg1 Bc4 46. Rf1 f5 47. a3 Rh4 0-1

[Event "Canadian op"]
[Site "Edmonton"]
[Date "2009.07.17"]
[Round "7"]
[White "Quan, Zhe"]
[Black "Haynes, Nicolas"]
[Result "1-0"]
[WhiteElo "2421"]
[BlackElo "2170"]
[PlyCount "165"]
[EventDate "2009.07.11"]
[EventType "swiss"]
[EventRounds "9"]
[EventCountry "CAN"]
[SourceTitle "CBM 132 Extra"]
[Source "ChessBase"]
[SourceDate "2009.11.03"]
[SourceVersion "1"]
[SourceVersionDate "2009.11.03"]
[SourceQuality "1"]

1. d4 f5 2. g3 Nf6 3. Bg2 g6 4. Nf3 Bg7 5. 0-0 d6 6. b4 0-0 7. Bb2 c6 8. c4 Qe8 9. a4 h6 10. Nbd2 Nbd7 11. Qb3 Kh7 12. Rfe1 Qf7 13. Qc2 d5 14. Nb3 Ne4 15. e3 Nb6 16. cxd5 Nxd5 17. Ba3 Be6 18. Nc5 b6 19. Nxe6 Qxe6 20. Nd2 Ndf6 21. Nxe4 Nxe4 22. Rac1 Rac8 23. Qc4 Qd6 24. Re2 b5 25. Qa2 e5 26. dxe5 Bxe5 27. Rec2 a6 28. Bb2 Bxb2 29. Qxb2 bxa4 30. Qa1 Qxb4 31. Rc4 Qd2 32. R1c2 Qd5 33. Rd4 Qe6 34. Rxa4 Qf6 35. Qa3 Rfd8 36. h3 Qd6 37. Qxd6 Rxd6 38. Rxa6 c5 39. Ra7+ Kg8 40. Bxe4 fxe4 41. Re7 c4 42. Rxe4 c3 43. Kg2 Kf7 44. Kf3 Kf6 45. Ke2 Rc7 46. h4 h5 47. Rd4 Rdc6 48. e4 Rc8 49. Ke3 R8c7 50. Kf4 Rc5 51. Rd6+ Kf7 52. Ke3 Rc8 53. f4 R8c7 54. Kf3 Rb5 55. Rd3 Rbc5 56. g4 hxg4+ 57. Kxg4 Rc4 58. Re3 R7c5 59. e5 Kg7 60. Kg5 Kf7 61. Rd3 Rc6 62. Rf3 R6c5 63. h5 gxh5 64. Kf5 Rc8 65. Rg3 h4 66. e6+ Kf8 67. Rg4 Ke7 68. Rg7+ Kd6 69. Rd7+ Kc6 70. Ke5 Rf8 71. Rf7 Rd8 72. e7 Rd5+ 73. Kf6 Rxf4+ 74. Kg7 Re4 75. Kf8 Rd3 76. e8Q+ Rxe8+ 77. Kxe8 Kc5 78. Rf4 h3 79. Ke7 Kd5 80. Kf6 Rd4 81. Rf3 Rh4 82. Rh2 c2 83. Rc3 1-0

[Event "Canadian op"]
[Site "Edmonton"]
[Date "2009.07.16"]
[Round "6"]
[White "Haynes, Nicolas"]
[Black "Zilberstein, Dmitry"]
[Result "1/2-1/2"]
[WhiteElo "2170"]
[BlackElo "2394"]
[PlyCount "132"]
[EventDate "2009.07.11"]
[EventType "swiss"]
[EventRounds "9"]
[EventCountry "CAN"]
[SourceTitle "CBM 132 Extra"]
[Source "ChessBase"]
[SourceDate "2009.11.03"]
[SourceVersion "1"]
[SourceVersionDate "2009.11.03"]
[SourceQuality "1"]

1. d4 Nf6 2. Bg5 e6 3. e4 h6 4. Bxf6 Qxf6 5. c3 d5 6. Nd2 c5 7. dxc5 Bxc5 8. Ngf3 0-0 9. Bd3 Nc6 10. Qe2 Bd6 11. 0-0 Bc7 12. Rfe1 dxe4 13. Bxe4 Bd7 14. Nb3 Qe7 15. Rad1 Rfd8 16. Nbd4 Nxd4 17. Nxd4 Rab8 18. Qf3 Qf6 19. b3 Qxf3 20. Nxf3 Be8 21. Rxd8 Bxd8 22. Rd1 Be7 23. c4 g5 24. g4 Kg7 25. Kf1 Kf6 26. Rc1 Bc5 27. Ke2 b6 28. Rc2 Rc8 29. Rd2 Bb4 30. Rc2 a5 31. Bb7 Rc7 32. Be4 Rc8 33. Bb7 Rd8 34. Rc1 Bc5 35. Be4 a4 36. Rb1 axb3 37. axb3 Bb4 38. Ra1 b5 39. Ra7 h5 40. h3 hxg4 41. hxg4 bxc4 42. bxc4 Rc8 43. Ra8 Rxc4 44. Bd3 Bb5 45. Bxc4 Bxc4+ 46. Ke3 Bc5+ 47. Kd2 Bd5 48. Rc8 Bxf2 49. Ke2 Bg3 50. Rg8 Bf4 51. Rd8 Bc4+ 52. Kf2 e5 53. Ne1 Ke7 54. Rd1 Be6 55. Kf3 e4+ 56. Kxe4 Bxg4 57. Ra1 Be6 58. Ra5 Kf6 59. Ng2 Bd2 60. Ra6 Kg6 61. Rc6 Kh5 62. Rc2 Ba5 63. Ne3 Kg6 64. Rc6 Bd2 65. Nf5 Bf4 66. Nd4 Kf6 1/2-1/2